Kim Jong-Il quiz - Statistics

General Stats
  • This quiz has been taken 38 times
  • The average score is 6 of 20
Answer Stats
Hint Answer % Correct
The year he died 2011
90%
The year he became supreme leader 1994
55%
Where experts believe he was actually born Siberia
55%
While his father is "Great Leader", Kim Jong-Il is Dear Leader
42%
Kim Jong-Il's birthday 16th of February
32%
Where he was born according to official North Korean media Mount Paektu
32%
He had a phobia of Flying
29%
Pulgasari was Kim Jong-Il's own version of Godzilla
29%
Film he was parodied in with a puppet who was 'ronery' Team America: World Police
29%
Kim Jong-Il was the world's number one buyer of Hennessy cognac
23%
Kim Jong-Il entertained this US Secretary of State Madeleine Albright
23%
Kim Jong-Il's "Military first" policy Songun
23%
Signature song praising Kim Jong-Il No Motherland Without You
19%
One of his many titles was the "Central ____" Brain
16%
His former personal chef who defected Kenji Fujimoto
16%
Kim Jong-Il had English lessons in this European country Malta
16%
He was chairman of the National Defence Commission
13%
His trademark winter coat Parka
13%
His favourite actor was Sean Connery
13%
He kidnapped this South Korean film director Shin Sang-ok
10%
No matching quizzes found
Score Distribution
Percent of People with Each Score
Percentile by Number Answered
Your Score History
You have not taken this quiz